[Event "RUS-ch Rapid Men 2018"]
[Site "Sochi"]
[Date "2018.10.06"]
[Round "6"]
[White "Drygalov, Sergey"]
[Black "Stambulian, Arsen"]
[Result "1-0"]
[WhiteElo "2446"]
[BlackElo "2339"]
[Annotator "NA"]
[PlyCount "107"]
[EventDate "2018.10.05"]
[EventType "swiss"]
[EventCountry "RUS"]
[SourceTitle "playchess.com"]
[Source "ChessBase"]
[SourceQuality "1"]
[TimeControl "900+10"]

1. d4 {[%emt 0:00:00]} Nf6 {[%emt 0:00:00]} 2. Nf3 {[%emt 0:00:00]} g6 {[%emt 0:00:00]} 3. c4 {[%emt 0:00:00]} Bg7 {[%emt 0:00:00]} 4. g3 {[%emt 0:00:00]} O-O {[%emt 0:00:00]} 5. Bg2 {[%emt 0:00:00]} d5 {[%emt 0:00:07]} 6. cxd5 {[%emt 0:00:00]} Nxd5 {[%emt 0:00:01]} 7. O-O {[%emt 0:00:01]} Nc6 {[%emt 0:00:06]} 8. Nc3 {[%emt 0:00:56]} Nb6 {[%emt 0:00:12]} 9. e3 {[%emt 0:00:02]} e5 {[%emt 0:00:12]} 10. d5 {[%emt 0:00:09]} Na5 {[%emt 0:00:02]} 11. e4 {[%emt 0:00:01]} c6 {[%emt 0:00:09]} 12. Bg5 {[%emt 0:00:01]} Qd6 {[%emt 0:00:46]} 13. Rc1 {[%emt 0:03:43]} f6 {[%emt 0:00:45]} 14. Be3 {[%emt 0:04:13]} Nac4 {[%emt 0:00:22]} 15. Bxb6 {[%emt 0:00:12]} Nxb6 {[%emt 0:00:07]} 16. dxc6 {[%emt 0:00:06]} Qxd1 {[%emt 0:00:08]} 17. Rfxd1 {[%emt 0:00:02]} bxc6 {[%emt 0:00:06]} 18. b3 {[%emt 0:01:07]} Rf7 {[%emt 0:00:25]} 19. Rd8+ {[%emt 0:00:34]} Rf8 {[%emt 0:00:24]} 20. Rd6 {[%emt 0:00:07]} Bb7 {[%emt 0:00:14]} 21. Rcd1 {[%emt 0:00:27]} Rf7 {[%emt 0:00:17]} 22. Bh3 {[%emt 0:00:34]} Bf8 {[%emt 0:00:14]} 23. R6d2 {[%emt 0:01:06]} Bc8 {[%emt 0:00:55]} 24. Bxc8 {[%emt 0:00:22]} Rxc8 {[%emt 0:00:04]} 25. Rc2 {[%emt 0:00:06]} Rcc7 {[%emt 0:01:26]} 26. Kf1 {[%emt 0:00:33]} Rfd7 {[%emt 0:00:07]} 27. Rxd7 {[%emt 0:00:06]} Rxd7 {[%emt 0:00:01]} 28. Ke2 {[%emt 0:00:05]} Kf7 {[%emt 0:00:16]} 29. Nd1 {[%emt 0:00:07]} Rd6 {[%emt 0:00:40]} 30. Ne3 {[%emt 0:00:15]} h5 {[%emt 0:00:03]} 31. Nd2 {[%emt 0:00:18]} Ke6 {[%emt 0:00:48]} 32. Ndc4 {[%emt 0:00:28]} Nxc4 {[%emt 0:00:06]} 33. Nxc4 {[%emt 0:00:02]} Rd4 {[%emt 0:00:11]} 34. f3 {[%emt 0:00:05]} f5 {[%emt 0:00:52]} 35. Ne3 {[%emt 0:01:37]} c5 {[%emt 0:01:15]} 36. Rc4 {[%emt 0:01:28]} fxe4 {[%emt 0:00:12]} 37. fxe4 {[%emt 0:00:00]} Bh6 {[%emt 0:00:10]} 38. Rxd4 {[%emt 0:00:05]} cxd4 {[%emt 0:00:16]} 39. Nc4 {[%emt 0:00:06]} Bf8 {[%emt 0:00:10]} 40. a3 {[%emt 0:01:11]} g5 {[%emt 0:00:07]} 41. h3 {[%emt 0:00:16]} Bd6 {[%emt 0:00:34]} 42. g4 {[%emt 0:00:04]} hxg4 {[%emt 0:00:04]} 43. hxg4 {[%emt 0:00:01]} Bc7 {[%emt 0:00:01]} 44. b4 {[%emt 0:00:17]} Kd7 {[%emt 0:00:12]} 45. Nd2 {[%emt 0:00:14]} a5 {[%emt 0:04:07]} 46. bxa5 {[%emt 0:00:22]} Bxa5 {[%emt 0:00:02]} 47. Nf3 {[%emt 0:00:01]} Ke6 {[%emt 0:01:53]} 48. Nxg5+ {[%emt 0:00:02]} Kf6 {[%emt 0:00:01]} 49. Nf3 {[%emt 0:00:01]} Ke6 {[%emt 0:00:16]} 50. Kd3 {[%emt 0:00:10]} Kd6 {[%emt 0:00:36]} 51. Kc4 {[%emt 0:00:05]} Ke6 {[%emt 0:00:03]} 52. a4 {[%emt 0:00:02]} Kd6 {[%emt 0:00:10]} 53. g5 {[%emt 0:00:35]} Ke6 {[%emt 0:00:02]} 54. Kb5 {[%emt 0:00:36]} 1-0

[Event "RUS-ch Rapid Men 2018"]
[Site "Sochi"]
[Date "2018.10.06"]
[Round "6"]
[White "Tsoi, Dmitry"]
[Black "Chigaev, Maksim"]
[Result "0-1"]
[WhiteElo "2429"]
[BlackElo "2599"]
[Annotator "ChessBase"]
[PlyCount "124"]
[EventDate "2018.10.05"]
[EventType "swiss"]
[EventCountry "RUS"]
[SourceTitle "playchess.com"]
[Source "ChessBase"]
[SourceQuality "1"]
[TimeControl "900+10"]

1. Nf3 {[%emt 0:00:00]} Nf6 {[%emt 0:00:00]} 2. g3 {[%emt 0:00:00]} g6 {[%emt 0:00:00]} 3. Bg2 {[%emt 0:00:00]} Bg7 {[%emt 0:00:00]} 4. O-O {[%emt 0:00:00]} O-O {[%emt 0:00:00]} 5. c4 {[%emt 0:00:00]} d5 {[%emt 0:00:00]} 6. cxd5 {[%emt 0:00:02]} Nxd5 {[%emt 0:00:00]} 7. d4 {[%emt 0:00:10]} Nb6 {[%emt 0:00:01]} 8. Nc3 {[%emt 0:00:03]} Nc6 {[%emt 0:00:01]} 9. d5 {[%emt 0:01:46]} Na5 {[%emt 0:01:46]} 10. e4 {[%emt 0:00:33]} c6 {[%emt 0:00:05]} 11. dxc6 {[%emt 0:01:04]} Nxc6 {[%emt 0:00:20]} 12. Be3 {[%emt 0:00:24]} Nc4 {[%emt 0:00:41]} 13. Qe2 {[%emt 0:00:02]} Nxe3 {[%emt 0:00:33]} 14. Qxe3 {[%emt 0:00:02]} Qb6 {[%emt 0:00:31]} 15. Qxb6 {[%emt 0:02:42]} axb6 {[%emt 0:00:02]} 16. Rfd1 {[%emt 0:00:26]} b5 {[%emt 0:06:16]} 17. Nxb5 {[%emt 0:00:39]} Bxb2 {[%emt 0:00:02]} 18. Rab1 {[%emt 0:00:01]} Bg7 {[%emt 0:00:23]} 19. Rd2 {[%emt 0:00:12]} Rd8 {[%emt 0:00:15]} 20. Rbd1 {[%emt 0:01:03]} Rxd2 {[%emt 0:00:57]} 21. Rxd2 {[%emt 0:00:03]} Ra5 {[%emt 0:03:03]} 22. Nbd4 {[%emt 0:00:44]} Nxd4 {[%emt 0:00:13]} 23. Nxd4 {[%emt 0:00:01]} Bxd4 {[%emt 0:00:19]} 24. Rxd4 {[%emt 0:00:02]} Kg7 {[%emt 0:00:02]} 25. Rc4 {[%emt 0:02:08]} Be6 {[%emt 0:00:11]} 26. Rb4 {[%emt 0:00:12]} Rxa2 {[%emt 0:00:18]} 27. f4 {[%emt 0:00:03]} Ra1+ {[%emt 0:00:28]} 28. Kf2 {[%emt 0:00:01]} Ra2+ {[%emt 0:00:02]} 29. Kg1 {[%emt 0:00:03]} Bc8 {[%emt 0:00:15]} 30. e5 {[%emt 0:00:02]} Ra8 {[%emt 0:00:23]} 31. Rb5 {[%emt 0:01:15]} Rb8 {[%emt 0:00:16]} 32. Rb6 {[%emt 0:00:02]} Kf8 {[%emt 0:00:06]} 33. Bd5 {[%emt 0:02:02]} Ke8 {[%emt 0:00:37]} 34. Kf2 {[%emt 0:00:03]} e6 {[%emt 0:00:20]} 35. Bf3 {[%emt 0:00:09]} Kd8 {[%emt 0:00:01]} 36. g4 {[%emt 0:00:02]} Kc7 {[%emt 0:00:01]} 37. Rb2 {[%emt 0:00:04]} Bd7 {[%emt 0:00:08]} 38. Kg3 {[%emt 0:00:04]} Bc6 {[%emt 0:00:05]} 39. Rc2 {[%emt 0:00:15]} Rd8 {[%emt 0:00:11]} 40. Kh4 {[%emt 0:00:01]} h6 {[%emt 0:00:14]} 41. Rc3 {[%emt 0:00:43]} Rd4 {[%emt 0:00:38]} 42. Kg3 {[%emt 0:00:02]} g5 {[%emt 0:00:58]} 43. fxg5 {[%emt 0:00:10]} hxg5 {[%emt 0:00:02]} 44. h4 {[%emt 0:00:04]} gxh4+ {[%emt 0:00:07]} 45. Kxh4 {[%emt 0:00:00]} Rf4 {[%emt 0:00:07]} 46. Bd1 {[%emt 0:01:10]} Kd7 {[%emt 0:00:41]} 47. Kg5 {[%emt 0:00:04]} Rf1 {[%emt 0:00:01]} 48. Be2 {[%emt 0:00:28]} Re1 {[%emt 0:00:10]} 49. Rc2 {[%emt 0:00:01]} Ke7 {[%emt 0:00:05]} 50. Kh6 {[%emt 0:00:18]} Rh1+ {[%emt 0:00:08]} 51. Kg7 {[%emt 0:00:03]} Rh2 {[%emt 0:00:15]} 52. Kg8 {[%emt 0:01:13]} Rg2 {[%emt 0:00:18]} 53. Kg7 {[%emt 0:00:10]} Rf2 {[%emt 0:00:22]} 54. Kg8 {[%emt 0:00:12]} Bb5 {[%emt 0:00:27]} 55. Rc7+ {[%emt 0:00:36]} Kd8 {[%emt 0:00:01]} 56. Rxf7 {[%emt 0:00:14]} Rxf7 {[%emt 0:00:39]} 57. Bxb5 {[%emt 0:00:02]} Ke7 {[%emt 0:00:00]} 58. g5 {[%emt 0:00:17]} Rf5 {[%emt 0:00:03]} 59. g6 {[%emt 0:00:01]} Rxe5 {[%emt 0:00:06]} 60. Bd3 {[%emt 0:00:01]} Kf6 {[%emt 0:00:08]} 61. Bb1 {[%emt 0:00:29]} Rg5 {[%emt 0:00:05]} 62. Kh7 {[%emt 0:00:01]} b5 {[%emt 0:00:05]} 0-1

[Event "RUS-ch Rapid Men 2018"]
[Site "Sochi"]
[Date "2018.10.06"]
[Round "6"]
[White "Lugovskoy, Maxim"]
[Black "Sjugirov, Sanan"]
[Result "0-1"]
[WhiteElo "2428"]
[BlackElo "2654"]
[Annotator "TA"]
[PlyCount "83"]
[EventDate "2018.10.05"]
[EventType "swiss"]
[EventCountry "RUS"]
[SourceTitle "playchess.com"]
[Source "ChessBase"]
[SourceQuality "1"]

{[%evp 11,83,7,10,-1,-1,-1,3,0,0,-1,-4,-4,-6,-9,-6,-12,0,-12,0,0,0,-3,0,-51,-24,-24,-24,-43,0,-13,-6,-6,-6,-6,-6,-8,-6,-3,80,30,27,27,62,37,18,0,0,-31,19,-8,-11,-68,-81,-133,-124,-113,-118,-141,-138,-155,-142,-885,-882,-867,-866,-854,-854,-876,-868,-827,-829,-862,-851,-782]} 1. e4 c5 2. c3 d6 3. d4 Nf6 4. dxc5 Nc6 5. cxd6 Nxe4 6. Nf3 Nxd6 {LiveBook: 3 Partien. B22: Sizilianisch (Alapin 2.c3)} 7. Be2 e5 8. Na3 $146 ({Vorgänger:} 8. O-O Be7 9. Na3 Be6 10. Nb5 h6 11. Nxd6+ Bxd6 12. Nd2 O-O 13. Bc4 Bf5 14. Qf3 {0-1 (67) Yssing,K (2125)-Inarkiev,E (2669) Kallithea 2008}) 8... Be7 {Die Stellung ist ausgeglichen.} 9. Nc4 f6 10. O-O Be6 11. Qa4 O-O {[#] Weiss muss nun ...b5 beachten.} 12. Nxd6 Bxd6 13. Bc4 Bxc4 14. Qxc4+ Kh8 15. Be3 Qe7 16. Rad1 Rad8 17. Rd5 (17. Rfe1 $11) 17... Qe6 {[#] Und weiter mit ...e4 wäre nett.} (17... e4 $5 {[%cal Re4f3]} 18. Nd2 f5 $11) 18. Nd2 f5 19. Bc5 b5 20. Rxd6 Qxd6 (20... bxc4 $2 {verliert.} 21. Rxe6 Rf6 22. Rxf6 $18) 21. Qxb5 Qd5 22. c4 Qxd2 23. Bxf8 Nd4 24. Qb4 Qg5 (24... Ne2+ $11 {hält das Gleichgewicht.} 25. Kh1 Qd1) 25. Qe7 Qxe7 26. Bxe7 $11 {[%mdl 4096] Endspiel KTL-KTS} Ne2+ $1 27. Kh1 Rd2 28. Ba3 Kg8 29. h3 Rc2 {[%mdl 1024] Schwarz hat Kompensation.} 30. Re1 e4 31. c5 (31. Bc5 $11) 31... Nf4 {zielt auf ...Sd3 ab.} 32. Rd1 ({Günstiger ist} 32. Kg1) 32... Nd3 $17 ({Nicht} 32... Rxf2 33. Rd8+ Kf7 34. c6 $14) 33. Kg1 Kf7 34. f3 Ke6 ({Viel schlechter ist} 34... Nxb2 $6 35. Bxb2 Rxb2 36. fxe4 $11) 35. fxe4 fxe4 36. Rf1 $2 {[%mdl 8192]} (36. c6 $17) 36... e3 $19 {Schwarz steht klar auf Gewinn.} 37. Rf3 e2 38. Re3+ Kf5 39. c6 e1=Q+ 40. Rxe1 Nxe1 41. Bb4 Nd3 42. Bc3 {Precision: Weiß = 31%, Schwarz = 67%.} 0-1

[Event "RUS-ch Rapid Men 2018"]
[Site "Sochi"]
[Date "2018.10.06"]
[Round "6"]
[White "Vastrukhin, Oleg"]
[Black "Kozlov, Oleg"]
[Result "1-0"]
[WhiteElo "2413"]
[BlackElo "2275"]
[Annotator "NA"]
[PlyCount "79"]
[EventDate "2018.10.05"]
[EventType "swiss"]
[EventCountry "RUS"]
[SourceTitle "playchess.com"]
[Source "ChessBase"]
[SourceQuality "1"]
[TimeControl "900+10"]

1. g3 {[%emt 0:00:00]} c5 {[%emt 0:00:00]} 2. Bg2 {[%emt 0:00:00]} Nc6 {[%emt 0:00:00]} 3. c4 {[%emt 0:00:00]} g6 {[%emt 0:00:14]} 4. Nc3 {[%emt 0:00:00]} Bg7 {[%emt 0:00:00]} 5. e3 {[%emt 0:00:01]} e5 {[%emt 0:00:14]} 6. Nge2 {[%emt 0:00:08]} Nge7 {[%emt 0:00:02]} 7. O-O {[%emt 0:00:09]} O-O {[%emt 0:00:02]} 8. d3 {[%emt 0:00:23]} a6 {[%emt 0:00:30]} 9. b3 {[%emt 0:00:26]} Rb8 {[%emt 0:00:08]} 10. Bb2 {[%emt 0:00:07]} d6 {[%emt 0:01:09]} 11. Qd2 {[%emt 0:00:19]} b5 {[%emt 0:00:19]} 12. Nd5 {[%emt 0:00:51]} Nxd5 {[%emt 0:03:58]} 13. cxd5 {[%emt 0:00:34]} Ne7 {[%emt 0:00:02]} 14. f4 {[%emt 0:00:09]} f6 {[%emt 0:01:36]} 15. e4 {[%emt 0:00:52]} Bd7 {[%emt 0:00:42]} 16. h3 {[%emt 0:00:21]} h5 {[%emt 0:02:03]} 17. Rf2 {[%emt 0:01:00]} Bh6 {[%emt 0:01:46]} 18. Raf1 {[%emt 0:00:38]} c4 {[%emt 0:02:28]} 19. d4 {[%emt 0:00:16]} exd4 {[%emt 0:00:46]} 20. Nxd4 {[%emt 0:00:23]} f5 {[%emt 0:00:46]} 21. Ne6 {[%emt 0:00:51]} Bxe6 {[%emt 0:00:01]} 22. dxe6 {[%emt 0:00:01]} fxe4 {[%emt 0:00:21]} 23. Bxe4 {[%emt 0:00:41]} d5 {[%emt 0:00:01]} 24. Bg2 {[%emt 0:00:04]} b4 {[%emt 0:00:34]} 25. Bd4 {[%emt 0:00:31]} Rc8 {[%emt 0:01:00]} 26. Qxb4 {[%emt 0:00:28]} Nc6 {[%emt 0:00:01]} 27. Qb6 {[%emt 0:00:21]} Nxd4 {[%emt 0:00:27]} 28. Qxd4 {[%emt 0:00:03]} cxb3 {[%emt 0:00:10]} 29. axb3 {[%emt 0:00:03]} Rf5 {[%emt 0:00:15]} 30. g4 {[%emt 0:00:01]} hxg4 {[%emt 0:00:01]} 31. hxg4 {[%emt 0:00:02]} Bg7 {[%emt 0:00:05]} 32. Qd1 {[%emt 0:00:03]} Rf8 {[%emt 0:00:07]} 33. Qxd5 {[%emt 0:00:02]} Qe7 {[%emt 0:00:01]} 34. Qd7 {[%emt 0:00:14]} Rc7 {[%emt 0:00:25]} 35. Qxe7 {[%emt 0:00:04]} Rxe7 {[%emt 0:00:01]} 36. Re2 {[%emt 0:00:12]} Bd4+ {[%emt 0:00:10]} 37. Kh2 {[%emt 0:00:04]} Kg7 {[%emt 0:00:03]} 38. Kg3 {[%emt 0:00:08]} Bb6 {[%emt 0:00:34]} 39. g5 {[%emt 0:00:40]} Rd8 {[%emt 0:00:15]} 40. Rf3 {[%emt 0:01:25]} 1-0

[Event "RUS-ch Rapid Men 2018"]
[Site "Sochi"]
[Date "2018.10.06"]
[Round "6"]
[White "Ofitserian, Boris"]
[Black "Panarin, Mikhail"]
[Result "1-0"]
[WhiteElo "2411"]
[BlackElo "2562"]
[Annotator "ChessBase"]
[PlyCount "93"]
[EventDate "2018.10.05"]
[EventType "swiss"]
[EventCountry "RUS"]
[SourceTitle "playchess.com"]
[Source "ChessBase"]
[SourceQuality "1"]
[TimeControl "900+10"]

1. c4 {[%emt 0:00:00]} c5 {[%emt 0:00:00]} 2. g3 {[%emt 0:00:00]} Nc6 {[%emt 0:00:04]} 3. Bg2 {[%emt 0:00:00]} g6 {[%emt 0:00:11]} 4. Nc3 {[%emt 0:00:00]} Bg7 {[%emt 0:00:02]} 5. e3 {[%emt 0:00:11]} e6 {[%emt 0:00:59]} 6. Nge2 {[%emt 0:00:41]} Nge7 {[%emt 0:00:03]} 7. Nf4 {[%emt 0:00:58]} O-O {[%emt 0:00:32]} 8. O-O {[%emt 0:00:15]} Rb8 {[%emt 0:00:32]} 9. a3 {[%emt 0:01:32]} a6 {[%emt 0:01:03]} 10. d3 {[%emt 0:02:34]} b5 {[%emt 0:00:22]} 11. Qc2 {[%emt 0:01:21]} bxc4 {[%emt 0:02:57]} 12. dxc4 {[%emt 0:00:04]} Na5 {[%emt 0:00:01]} 13. Ne4 {[%emt 0:00:37]} Nb3 {[%emt 0:00:06]} 14. Rb1 {[%emt 0:00:05]} Qc7 {[%emt 0:02:38]} 15. Rd1 {[%emt 0:02:01]} Rb6 {[%emt 0:00:05]} 16. Rd3 {[%emt 0:01:10]} Nxc1 {[%emt 0:02:16]} 17. Qxc1 {[%emt 0:00:01]} f5 {[%emt 0:00:06]} 18. Nc3 {[%emt 0:00:10]} Nc6 {[%emt 0:00:05]} 19. Na4 {[%emt 0:01:26]} Rb8 {[%emt 0:00:01]} 20. Rd2 {[%emt 0:00:13]} d6 {[%emt 0:01:45]} 21. Qd1 {[%emt 0:01:01]} Rd8 {[%emt 0:00:02]} 22. h4 {[%emt 0:00:21]} Kf7 {[%emt 0:00:32]} 23. h5 {[%emt 0:00:30]} Ne5 {[%emt 0:00:53]} 24. Qe2 {[%emt 0:00:53]} g5 {[%emt 0:00:30]} 25. Nh3 {[%emt 0:00:26]} g4 {[%emt 0:00:40]} 26. Nf4 {[%emt 0:00:20]} Bb7 {[%emt 0:00:01]} 27. e4 {[%emt 0:00:16]} Nf3+ {[%emt 0:00:35]} 28. Bxf3 {[%emt 0:00:35]} gxf3 {[%emt 0:00:02]} 29. Qf1 {[%emt 0:00:15]} Bxe4 {[%emt 0:00:02]} 30. Re1 {[%emt 0:00:01]} Qc6 {[%emt 0:00:36]} 31. Nc3 {[%emt 0:00:04]} Bxc3 {[%emt 0:00:02]} 32. bxc3 {[%emt 0:00:02]} h6 {[%emt 0:00:36]} 33. Qh3 {[%emt 0:00:50]} Rb6 {[%emt 0:00:28]} 34. Qh4 {[%emt 0:00:09]} Rdb8 {[%emt 0:00:39]} 35. Ng6 {[%emt 0:00:01]} Qc7 {[%emt 0:00:09]} 36. Rxe4 {[%emt 0:00:49]} fxe4 {[%emt 0:00:02]} 37. Qxe4 {[%emt 0:00:01]} Kg7 {[%emt 0:00:20]} 38. Qg4 {[%emt 0:00:25]} Kh7 {[%emt 0:00:23]} 39. Qxe6 {[%emt 0:00:04]} R8b7 {[%emt 0:00:51]} 40. Rd5 {[%emt 0:00:34]} Qf7 {[%emt 0:00:12]} 41. Qe4 {[%emt 0:00:01]} Kg7 {[%emt 0:00:05]} 42. Rf5 {[%emt 0:00:10]} Qd7 {[%emt 0:00:13]} 43. Qg4 {[%emt 0:00:07]} Qe8 {[%emt 0:00:14]} 44. Nf8+ {[%emt 0:00:38]} Kh8 {[%emt 0:00:02]} 45. Ng6+ {[%emt 0:00:08]} Kh7 {[%emt 0:00:01]} 46. Qxf3 {[%emt 0:00:12]} Qc6 {[%emt 0:00:22]} 47. Rf7+ {[%emt 0:00:06]} 1-0

[Event "RUS-ch Rapid Men 2018"]
[Site "Sochi"]
[Date "2018.10.06"]
[Round "6"]
[White "Apryshko, Gleb"]
[Black "Paravyan, David"]
[Result "0-1"]
[WhiteElo "2399"]
[BlackElo "2629"]
[Annotator "TA"]
[PlyCount "132"]
[EventDate "2018.10.05"]
[EventType "swiss"]
[EventCountry "RUS"]
[SourceTitle "playchess.com"]
[Source "ChessBase"]
[SourceQuality "1"]

{[%evp 11,132,8,30,-25,-18,-31,58,0,3,13,34,0,43,48,68,0,35,35,30,35,31,40,33,32,41,34,31,35,23,-214,-216,-224,-233,-258,-263,-339,-320,-310,-324,-427,-434,-440,-441,-481,-456,-468,-469,-502,-506,-608,-582,-611,-515,-451,0,-610,-602,-601,-601,-577,-558,-542,-519,-507,-499,-518,-506,-504,-487,-483,-493,-485,-481,-667,-525,-510,-498,-656,-493,-668,-524,-577,-479,-662,-500,-581,-534,-673,-659,-665,-658,-638,-622,-12841,-12842,-12842,-12843,-12842,-12841,-12846,-12846,-12847,-12843,-12844,-12844,-12844,-12843,-12844,-12844,-12845,-12845,-12846,-12847,-12847,-12846,-12847,-12847,-12849,-12849,-12850,-12849,-12849,-12848]} 1. e4 c5 2. Nf3 d6 3. Bb5+ Nd7 4. d4 cxd4 5. Qxd4 a6 6. Bxd7+ Qxd7 {LiveBook: 14 Games. B51: Sicilian: Moscow Variation (3 Bb5+) without 3...Bd7} (6... Bxd7 7. Nc3 e5 8. Qd3 h6 9. Nd2 Rc8 10. Nc4 Be6 11. Ne3 Nf6 12. Bd2 Be7 13. a4 O-O 14. O-O Qd7 15. a5 Rfd8 {½-½ (58) Duda,J (2737)-Nepomniachtchi,I (2757) Dortmund 2018}) 7. Bg5 (7. O-O $142) 7... h6 8. Bh4 Nf6 (8... e5 $1 $15 9. Qb4 g5) 9. Nc3 (9. Bxf6 $1 $14 gxf6 10. Nc3) 9... g5 $11 10. Bg3 {With the idea Nd5.} Bg7 (10... e5 $5 {[%cal Re5d4]} 11. Qe3 Qc7 $11) 11. Nd5 {Nb6 is the strong threat.} O-O $146 {And now ...Nxd5 would win.} ({Predecessor:} 11... Qc6 12. Qd3 Nxd5 13. exd5 Qb5 14. c4 {0-1 (41) Ellenbroek,T (2095)-Azadmanesh,M Enschede 1996}) 12. Nb6 $1 {[%csl LRa8,LRd7]} Qc6 $1 13. e5 (13. Nxa8 $14 Nxe4 14. Qb6) 13... dxe5 (13... Bh3 $5 14. O-O (14. Nxa8 $2 Bxg2 15. Rg1 Bxf3 $19) 14... Bxg2 15. Kxg2 dxe5 $15) 14. Nxe5 Qxg2 15. O-O-O Bf5 {Hoping for ...Rad8!} 16. Rhg1 {[#]} Qe4 $1 {[%mdl 512]} 17. Qxe4 Nxe4 18. Nxa8 Rxa8 19. Nc4 Rc8 20. Nb6 $2 (20. Ne3 $1 $11 Be6 21. f3 Nxg3 22. hxg3) 20... Rc6 $19 21. Nd5 Nxg3 22. Nxe7+ Kh7 23. Nxc6 Ne2+ 24. Kd2 Nxg1 25. Ne7 Nf3+ 26. Ke3 Bxc2 27. Rd7 Nxh2 28. f3 b5 29. Nc6 Bg6 30. b4 h5 31. Nd8 Kg8 32. Nc6 Kh7 33. Nd8 $1 g4 {Black is clearly winning.} 34. fxg4 Nxg4+ 35. Kf4 Ne5 36. Ra7 Nd3+ 37. Kf3 Nxb4 38. a3 Nd3 39. Rxa6 b4 40. axb4 Nxb4 41. Ra7 Nd3 42. Kg3 Ne5 43. Nb7 Kh6 44. Nc5 Bf6 45. Ra6 Be7 46. Ne4 Kg7 47. Nf2 Bg5 48. Ra5 h4+ 49. Kh3 Bf6 50. Ra4 Bf5+ 51. Kh2 Kg6 52. Nh3 Nf3+ 53. Kg2 Ne1+ 54. Kf2 Bxh3 55. Kxe1 Be6 56. Kf2 Kg5 57. Ra5+ Bf5 58. Kg2 Bd4 59. Rd5 Be3 60. Re5 Bf4 61. Re8 h3+ {[%cal Bh4h3,Bh3h2][%mdl 32]} 62. Kh1 Bg4 63. Rg8+ Kf5 {( -> ...Bf3+)} 64. Kg1 h2+ 65. Kg2 {[#]} Bf3+ $1 66. Kf2 (66. Kxf3 h1=Q+) 66... Ke5 {Precision: White = 49%, Black = 57%.} 0-1

[Event "RUS-ch Rapid Men 2018"]
[Site "Sochi"]
[Date "2018.10.06"]
[Round "6"]
[White "Sergeyev, Alexander"]
[Black "Grachev, Boris"]
[Result "0-1"]
[WhiteElo "2397"]
[BlackElo "2626"]
[Annotator "TA"]
[PlyCount "76"]
[EventDate "2018.10.05"]
[EventType "swiss"]
[EventCountry "RUS"]
[SourceTitle "playchess.com"]
[Source "ChessBase"]
[SourceQuality "1"]

{[%evp 11,76,0,29,-13,-20,-24,18,-108,-106,-95,-67,-70,-68,-71,-52,-70,-70,-76,-77,-170,-163,-146,-112,-159,-133,-216,-177,-195,-137,-343,-330,-395,-394,-383,-394,-426,-354,-614,-420,-478,-482,-527,-518,-585,-570,-552,-548,-733,-726,-708,-672,-678,-670,-654,-650,-648,-645,-646,-633,-639,-639,-626,-625,-610,-607,-593,-591]} 1. e4 c5 2. Nc3 a6 3. f4 b5 4. d4 (4. Nf3 Bb7 5. d3 e6 6. Qe2 Nc6 7. g3 Nd4 8. Nxd4 cxd4 9. Nd1 Rc8 10. Bg2 Bb4+ 11. c3 dxc3 12. bxc3 Rxc3 {0-1 (34) Maze,S (2612)-Gharamian,T (2614) Nimes 2018}) 4... cxd4 5. Qxd4 Bb7 6. Nf3 {B23: Closed Sicilian: Lines without g3} e6 {LiveBook: 10 Games} 7. Be3 Nf6 $146 {[%cal Bg8f6,Bf6d5,Bd5e3][%mdl 32]} ({Predecessor:} 7... Nc6 8. Qd2 d6 9. f5 Nf6 10. fxe6 fxe6 11. Bd3 Be7 12. a4 b4 {1-0 (36) Sahu,V (2148)-Udeshi,A (2352) Mumbai 2012}) 8. e5 {The position is equal.} Nd5 9. a4 (9. Nxd5 $11 {remains equal.} Bxd5 10. a4) 9... Nc6 $17 10. Qd2 Nxe3 11. Qxe3 Nb4 12. Bd3 bxa4 13. Rxa4 Qc7 14. Be4 d5 $36 {[%mdl 2048] Black is on the roll.} 15. Bd3 (15. exd6 $17 {keeps fighting.} Bxd6 16. Qe2) 15... Bc5 $19 16. Qe2 h6 17. h4 O-O 18. g4 (18. Kf1 $17) 18... Bc6 19. Ra1 f5 (19... Qb6 $19 {Strongly threatening ...Be3.} 20. g5 Nxd3+ 21. cxd3 h5) 20. gxf5 $2 {[#]} (20. g5 $17) 20... Nxd3+ ({Weaker is} 20... exf5 21. Kf1 $17) 21. cxd3 Rxf5 22. d4 Bb4 23. Rxa6 Rb8 24. Qd2 $2 {[#]} (24. Qe3 Bb5 25. Ra1) 24... Qb7 25. Ra1 Rbf8 {Black is clearly winning.} 26. O-O {intending Ne1.} Bb5 27. Nh2 Bxf1 28. Rxf1 Qf7 29. Qe3 Rxf4 30. Rxf4 Qxf4 31. Qxf4 Rxf4 {[%mdl 4096] Endgame KRB-KNN} 32. Ne2 Rf8 33. Kg2 Be7 34. Nf3 Rb8 35. Nf4 Rxb2+ 36. Kg3 Kf7 37. h5 Rb3 38. Kg4 Ba3 {Precision: White = 27%, Black = 79%.} 0-1